000 00253nam a2200109Ia 4500
008 190912s9999||||xx |||||||||||||| ||und||
100 _aPierre- Alain Muller
245 0 _aInstant UML
260 _aIndia
_bMcGraw-Hill
_c1997
300 _a343
942 _cBK
999 _c7815
_d7815